| 000 -LEADER |
| fixed length control field |
00815nam a22001817a 4500 |
| 001 - CONTROL NUMBER |
| control field |
10754 |
| 003 - CONTROL NUMBER IDENTIFIER |
| control field |
BD-DhUAP |
| 005 - DATE AND TIME OF LATEST TRANSACTION |
| control field |
20200206150611.0 |
| 008 - FIXED-LENGTH DATA ELEMENTS--GENERAL INFORMATION |
| fixed length control field |
200206s2008 bg ||||| |||| 00| 0 ben d |
| 040 ## - CATALOGING SOURCE |
| Original cataloging agency |
BD-DhUAP |
| Language of cataloging |
Bangla |
| Transcribing agency |
BD-DhUAP |
| Modifying agency |
BD-DhUAP |
| 082 ## - DEWEY DECIMAL CLASSIFICATION NUMBER |
| Edition number |
23 |
| Classification number |
340 PRO |
| 245 ## - TITLE STATEMENT |
| Title |
প্রয়োজনীয় আইন ও সংশোধনীসমুহের নির্বাচিত সংকলন : |
| Remainder of title |
(২০০০-২০০৮) / |
| Statement of responsibility, etc. |
মাসুদুজ্জামান কর্তৃক সংকলিত। |
| 260 ## - PUBLICATION, DISTRIBUTION, ETC. |
| Place of publication, distribution, etc. |
ঢাকা : |
| Name of publisher, distributor, etc. |
সামছ পাবলিকেশন্স, |
| Date of publication, distribution, etc. |
c২০০৮। |
| 300 ## - PHYSICAL DESCRIPTION |
| Extent |
(১২), ৭৪৬ পৃষ্ঠা ; |
| Dimensions |
২৩ সে.মি.। |
| 650 ## - SUBJECT ADDED ENTRY--TOPICAL TERM |
| Topical term or geographic name entry element |
Law |
| Geographic subdivision |
Bangladesh. |
| 700 ## - ADDED ENTRY--PERSONAL NAME |
| Personal name |
মাসুদুজ্জামান। |
| 942 ## - ADDED ENTRY ELEMENTS (KOHA) |
| Source of classification or shelving scheme |
|
| Koha item type |
Book |